Sistemas termodinámicos fuera de equilibrio / (Record no. 112318)

MARC details
000 -LEADER
fixed length control field 00495cam a2200169 4500
008 - FIXED-LENGTH DATA ELEMENTS--GENERAL INFORMATION
fixed length control field s1980 mx gr spa
050 04 - LIBRARY OF CONGRESS CALL NUMBER
Classification number QC318
Item number .S5 G6 1980
100 1# - MAIN ENTRY--PERSONAL NAME
Personal name González Campos, Rafael
245 10 - TITLE STATEMENT
Title Sistemas termodinámicos fuera de equilibrio /
Statement of responsibility, etc Rafael González Campos.
250 ## - EDITION STATEMENT
Edition statement 1a. ed.
260 ## - PUBLICATION, DISTRIBUTION, ETC. (IMPRINT)
Place of publication, distribution, etc México.
Name of publisher, distributor, etc UMSNH-CONACYT
Date of publication, distribution, etc 1980
300 ## - PHYSICAL DESCRIPTION
Extent 35 h. 22cm
650 #7 - SUBJECT ADDED ENTRY--TOPICAL TERM
Topical term or geographic name as entry element Termodinámica
General subdivision Equilibrio
Source of heading or term Lemb
942 ## - ADDED ENTRY ELEMENTS (KOHA)
Source of classification or shelving scheme Biblioteca del Cogreso de los Estados Unidos
-- IB
Holdings
Estado de pérdida Fuente de clasificación Estado del daño No para préstamo Ubicación permanente Ubicación actual Apartado o colección Fecha de adquisición Edición Área del conocimiento Total Checkouts Clasificación Código de Barras Date last seen Número de copia Costo por reposición Tipo de recurso
  Biblioteca del Cogreso de los Estados Unidos     Biblioteca de la Preparatoria Melchor Ocampo Biblioteca de la Preparatoria Melchor Ocampo General 17/10/2023 1a. ed. Ciencias Naturales y Exactas   QA805 G66 1980 pmo000003218 17/10/2023 C: 1 1.00 Libro